[Event "Stuttgart-chA"]
[Site "Stuttgart"]
[Date "2003.??.??"]
[Round "?"]
[White "Klotz, Hans Dieter"]
[Black "Behm, Simon"]
[Result "0-1"]
[WhiteElo "1740"]
[BlackElo "2000"]
[PlyCount "70"]
[EventDate "2003.??.??"]
[EventType "swiss"]
[EventRounds "9"]
[EventCountry "GER"]
[SourceTitle "EXT 2007"]
[Source "ChessBase"]
[SourceDate "2006.11.23"]
[SourceVersion "1"]
[SourceVersionDate "2006.11.23"]
[SourceQuality "1"]

1. c4 c5 2. g3 Nc6 3. Bg2 e5 4. d3 g6 5. Nc3 Bg7 6. Be3 d6 7. Qc1 h6 8. Nf3 Nge7 9. 0-0 g5 10. Rb1 0-0 11. a3 a5 12. Bd2 f5 13. e3 Ng6 14. Nd5 a4 15. Qc2 f4 16. exf4 exf4 17. d4 Bf5 18. Qd1 g4 19. Ne1 f3 20. Bh1 Nxd4 21. Nc3 Bxb1 22. Qxb1 Ne2+ 23. Nxe2 fxe2 24. Qxg6 exf1Q+ 25. Kxf1 Qf6 26. Bd5+ Kh8 27. Qxf6 Rxf6 28. Nd3 Rb8 29. Nf4 Rf5 30. Ng6+ Kh7 31. Nh4 Rxd5 32. cxd5 Bxb2 33. Nf5 Bxa3 34. Nxd6 Bb2 35. Nc4 a3 0-1

[Event "Stuttgart-chA"]
[Site "Stuttgart"]
[Date "2003.??.??"]
[Round "?"]
[White "Klotz, Hans Dieter"]
[Black "Strifler, Janos"]
[Result "1/2-1/2"]
[WhiteElo "1740"]
[BlackElo "1860"]
[PlyCount "66"]
[EventDate "2003.??.??"]
[EventType "swiss"]
[EventRounds "9"]
[EventCountry "GER"]
[SourceTitle "EXT 2007"]
[Source "ChessBase"]
[SourceDate "2006.11.23"]
[SourceVersion "1"]
[SourceVersionDate "2006.11.23"]
[SourceQuality "1"]

1. c4 e5 2. g3 g6 3. Bg2 Bg7 4. Nc3 Ne7 5. d3 Nbc6 6. Nf3 d6 7. Bg5 Bd7 8. 0-0 Qc8 9. Re1 0-0 10. Qc1 Re8 11. Rb1 a6 12. Ne4 Kh8 13. Bf6 Ng8 14. Bxg7+ Kxg7 15. Qc3 Bf5 16. Nh4 Nce7 17. Nxf5+ Qxf5 18. f4 f6 19. fxe5 Qxe5 20. Qxe5 fxe5 21. Rf1 Nf5 22. Rf2 Ne3 23. Ng5 Nxg2 24. Kxg2 Re7 25. Rbf1 Nh6 26. e4 Rd8 27. Kh3 Rdd7 28. g4 Nf7 29. Nf3 Nd8 30. Kg3 Ne6 31. b3 Nf4 32. Rd1 Ne6 33. h4 h6 1/2-1/2

[Event "Stuttgart-chA"]
[Site "Stuttgart"]
[Date "2003.??.??"]
[Round "?"]
[White "Kulovic, Edmir"]
[Black "Klotz, Hans Dieter"]
[Result "1/2-1/2"]
[WhiteElo "1935"]
[BlackElo "1740"]
[PlyCount "57"]
[EventDate "2003.??.??"]
[EventType "swiss"]
[EventRounds "9"]
[EventCountry "GER"]
[SourceTitle "EXT 2007"]
[Source "ChessBase"]
[SourceDate "2006.11.23"]
[SourceVersion "1"]
[SourceVersionDate "2006.11.23"]
[SourceQuality "1"]

1. e4 d5 2. exd5 Qxd5 3. Nc3 Qa5 4. d4 c6 5. Nf3 Bf5 6. Bc4 e6 7. Bd2 Qc7 8. 0-0 Nf6 9. Re1 Be7 10. Bd3 Bxd3 11. cxd3 0-0 12. Ne4 Nbd7 13. Bc3 Rad8 14. Ne5 Nd5 15. Nxd7 Rxd7 16. Qb3 Rfd8 17. Rad1 c5 18. dxc5 Bxc5 19. Be5 Qb6 20. Qc2 Bd4 21. Bxd4 Qxd4 22. Nc3 Rc7 23. Re4 Qb6 24. Rc4 Nxc3 25. Rxc3 Rxc3 26. bxc3 Qc6 27. d4 Rc8 28. Rd3 b5 29. Qb3 1/2-1/2

[Event "Tuebingen-ch 55th"]
[Site "Tuebingen"]
[Date "1996.??.??"]
[Round "?"]
[White "Viehoff, Juergen"]
[Black "Klotz, Hans Dieter"]
[Result "1-0"]
[WhiteElo "1700"]
[BlackElo "1605"]
[PlyCount "57"]
[EventDate "1996.??.??"]
[EventType "swiss"]
[EventRounds "9"]
[EventCountry "GER"]
[SourceTitle "EXT 1999"]
[Source "ChessBase"]
[SourceDate "1998.11.16"]
[SourceVersion "1"]
[SourceVersionDate "1998.11.16"]
[SourceQuality "1"]

1. d4 e6 2. Nf3 Nf6 3. Bg5 d5 4. Nbd2 h6 5. Bh4 Be7 6. e3 Nbd7 7. Bd3 c5 8. c3 0-0 9. Ne5 Nxe5 10. dxe5 Nd7 11. Bg3 c4 12. Bc2 b5 13. Nf3 b4 14. Nd4 Bb7 15. f4 a6 16. 0-0 Qb6 17. f5 exf5 18. Rxf5 Nc5 19. Qe2 Ne6 20. Raf1 Bc8 21. R5f2 Bg5 22. h4 Be7 23. Qh5 Nd8 24. Bf4 Ne6 25. Nf5 Bc5 26. Nxh6+ gxh6 27. Qxh6 Ng5 28. Qxg5+ Kh8 29. Qh5+ 1-0